[Event "SVK-chT2C 2223"]
[Site "Slovakia"]
[Date "2023.02.12"]
[Round "9.6"]
[White "Torma, Viliam"]
[Black "Janik, Miroslav"]
[Result "0-1"]
[WhiteElo "1389"]
[BlackElo "1851"]
[PlyCount "57"]
[EventDate "2022.10.08"]
[EventType "team-tourn"]
[EventRounds "11"]
[EventCountry "SVK"]
[SourceTitle "EXT 2024"]
[Source "ChessBase"]
[SourceDate "2023.10.10"]
[SourceVersion "1"]
[SourceVersionDate "2023.10.10"]
[SourceQuality "1"]
[WhiteTeam "Vinica"]
[BlackTeam "Dunajov Martin III"]
[WhiteTeamCountry "SVK"]
[BlackTeamCountry "SVK"]

1. e4 c5 2. Nc3 Nc6 3. Nf3 g6 4. d4 cxd4 5. Nxd4 Bg7 6. Nxc6 bxc6 7. Bc4 d6 8. Bf4 Qc7 9. Qf3 Nf6 10. h3 0-0 11. 0-0 Rb8 12. Rab1 Nd7 13. Na4 Ne5 14. Bxe5 Bxe5 15. Kh1 Kh8 16. Nc3 f5 17. Bb3 Ba6 18. Rfe1 fxe4 19. Qxe4 Rxf2 20. Nd1 Rf4 21. Qe3 Rbf8 22. g3 Rf3 23. Qh6 Bxg3 24. Re6 c5 25. Rxg6 Rf1+ 26. Kg2 Qc6+ 27. Kxg3 Qf3+ 28. Kh4 Qe4+ 29. Kg3 0-1

[Event "SVK-chT2C 2122"]
[Site "Slovakia"]
[Date "2022.03.05"]
[Round "5.3"]
[White "Zavarsky, Juraj"]
[Black "Janik, Miroslav"]
[Result "0-1"]
[WhiteElo "1953"]
[BlackElo "1878"]
[PlyCount "173"]
[EventDate "2021.10.16"]
[EventType "team-tourn"]
[EventRounds "11"]
[EventCountry "SVK"]
[SourceTitle "EXT 2023"]
[Source "ChessBase"]
[SourceDate "2022.10.05"]
[SourceVersion "1"]
[SourceVersionDate "2022.10.05"]
[SourceQuality "1"]
[WhiteTeam "Martin Medea"]
[BlackTeam "Dunajov III"]
[WhiteTeamCountry "SVK"]
[BlackTeamCountry "SVK"]

1. Nf3 c5 2. b3 Nf6 3. Bb2 Nc6 4. e3 e6 5. Bb5 d6 6. 0-0 a6 7. Bxc6+ bxc6 8. d4 cxd4 9. exd4 Be7 10. c4 0-0 11. Re1 Bb7 12. Nc3 Qa5 13. Qd2 Qc7 14. Rac1 c5 15. d5 e5 16. Rcd1 Ne8 17. Re2 h6 18. Ne1 Bg5 19. Qc2 f5 20. Bc1 Bxc1 21. Qxc1 f4 22. Ne4 Bc8 23. b4 Nf6 24. bxc5 Nxe4 25. Rxe4 Qxc5 26. Nd3 Qa5 27. c5 Bf5 28. Rc4 Rac8 29. Nb4 Rxc5 30. Rxc5 dxc5 31. Nc6 Qxa2 32. Ne7+ Kh7 33. Nxf5 Rxf5 34. Qxc5 Qe2 35. Qc1 e4 36. d6 Rf8 37. d7 Rd8 38. Re1 Qg4 39. Qc4 Qf5 40. h3 Rxd7 41. Rxe4 f3 42. Rf4 Rd1+ 43. Kh2 fxg2 44. Kxg2 Qd5+ 45. Qxd5 Rxd5 46. Rf7 Kg6 47. Ra7 a5 48. Kf3 Kf6 49. h4 Rb5 50. Ra6+ Kf5 51. Kg3 Rb3+ 52. f3 Ra3 53. h5 Ra1 54. Kg2 Kg5 55. Rg6+ Kxh5 56. Rxg7 a4 57. Ra7 Kh4 58. Ra6 Ra2+ 59. Kf1 h5 60. Ra5 a3 61. f4 Ra1+ 62. Kg2 a2 63. f5 Kg5 64. f6+ Kxf6 65. Rxh5 Rg1+ 66. Kxg1 a1Q+ 67. Kf2 Qd4+ 68. Kg3 Qe3+ 69. Kh4 Qf4+ 70. Kh3 Kg6 71. Rh4 Qf3+ 72. Kh2 Kg5 73. Rh3 Qf1 74. Rg3+ Kf5 75. Rg2 Qf4+ 76. Kg1 Ke4 77. Re2+ Kd3 78. Rf2 Qh4 79. Kg2 Qg4+ 80. Kh2 Ke3 81. Rg2 Qh4+ 82. Kg1 Kf3 83. Ra2 Qd4+ 84. Kh2 Qd6+ 85. Kg1 Qg6+ 86. Kh2 Qh7+ 87. Kg1 0-1

[Event "SVK-chT2C 2122"]
[Site "Slovakia"]
[Date "2022.02.06"]
[Round "4.5"]
[White "Homolka, Jakub"]
[Black "Janik, Miroslav"]
[Result "1-0"]
[WhiteElo "1766"]
[BlackElo "1878"]
[PlyCount "120"]
[EventDate "2021.10.16"]
[EventType "team-tourn"]
[EventRounds "11"]
[EventCountry "SVK"]
[SourceTitle "EXT 2023"]
[Source "ChessBase"]
[SourceDate "2022.10.05"]
[SourceVersion "1"]
[SourceVersionDate "2022.10.05"]
[SourceQuality "1"]
[WhiteTeam "Bziny"]
[BlackTeam "Dunajov III"]
[WhiteTeamCountry "SVK"]
[BlackTeamCountry "SVK"]

1. c4 e5 2. Nc3 Nf6 3. g3 g6 4. Bg2 Bg7 5. d3 d6 6. Nf3 Nc6 7. 0-0 0-0 8. Bg5 h6 9. Bd2 Ne8 10. Qc1 Kh7 11. a3 a5 12. Nd5 f5 13. b4 e4 14. dxe4 Bxa1 15. Qxa1 axb4 16. Nxb4 Nxb4 17. Bxb4 c5 18. Bc3 Rb8 19. exf5 Bxf5 20. Nh4 Be6 21. Qb1 Rg8 22. Be4 Bf7 23. f4 Nf6 24. Bc2 Qe7 25. e4 Ng4 26. Re1 Qe6 27. Bd3 Qc8 28. Kg2 h5 29. h3 Nh6 30. Nf3 Rf8 31. Qb2 Be6 32. Ng5+ Kg8 33. Bh8 Qd7 34. Nxe6 Rfe8 35. Ng5 Nf5 36. Re2 Nd4 37. Bxd4 cxd4 38. Qxd4 Rbd8 39. Rb2 Re7 40. Qf6 Ra8 41. Rb6 Rxa3 42. Rxd6 Qe8 43. c5 Ra2+ 44. Kf3 Ra3 45. f5 gxf5 46. Qxf5 Rg7 47. Qd5+ Rf7+ 48. Qxf7+ Qxf7+ 49. Nxf7 Kxf7 50. Kf4 h4 51. gxh4 Rc3 52. Rd5 Kf6 53. h5 Rb3 54. h6 Ra3 55. e5+ Ke7 56. h7 Ra8 57. Bf5 Rf8 58. Kg5 b6 59. Rd7+ Ke8 60. c6 b5 1-0

[Event "SVK-ch op"]
[Site "Ruzomberok"]
[Date "2019.06.30"]
[Round "2"]
[White "Janik, Miroslav"]
[Black "Karas, Marek"]
[Result "0-1"]
[WhiteElo "1889"]
[BlackElo "2268"]
[PlyCount "54"]
[EventDate "2019.06.29"]
[EventType "swiss"]
[EventRounds "9"]
[EventCountry "SVK"]
[SourceTitle "CBM 191 Extra"]
[Source "ChessBase"]
[SourceDate "2019.09.30"]
[SourceVersion "1"]
[SourceVersionDate "2019.09.30"]
[SourceQuality "1"]

1. e4 e6 2. d4 d5 3. Nd2 h6 4. exd5 exd5 5. Ngf3 Bf5 6. Nb3 Nc6 7. c3 Bd6 8. Bd3 Qf6 9. Be3 Nge7 10. Qc2 0-0-0 11. 0-0-0 g5 12. h4 g4 13. Bxf5+ Nxf5 14. Nh2 Rhg8 15. Qe2 Nxe3 16. fxe3 Qxh4 17. Rdg1 Rde8 18. Nf1 Qg5 19. g3 Ne7 20. c4 Nf5 21. Kd2 Bb4+ 22. Kd3 dxc4+ 23. Kxc4 Nxe3+ 24. Nxe3 Rxe3 25. Qf2 Bd6 26. Nc5 Bxc5 27. dxc5 Rge8 0-1

[Event "SVK-chT2C 10/11"]
[Site "Slovakia"]
[Date "2010.12.04"]
[Round "3.4"]
[White "Minich, Miroslav"]
[Black "Janik, Miroslav"]
[Result "1/2-1/2"]
[WhiteElo "1730"]
[BlackElo "1981"]
[PlyCount "47"]
[EventDate "2010.10.23"]
[EventType "team-tourn"]
[EventRounds "11"]
[EventCountry "SVK"]
[SourceTitle "EXT 2019"]
[Source "ChessBase"]
[SourceDate "2018.10.10"]
[SourceVersion "1"]
[SourceVersionDate "2018.10.10"]
[SourceQuality "1"]
[WhiteTeam "Zvolen Slavia"]
[BlackTeam "Dolny Kubin"]
[WhiteTeamCountry "SVK"]
[BlackTeamCountry "SVK"]

1. e4 c5 2. Nf3 Nc6 3. d4 cxd4 4. Nxd4 Nf6 5. Nc3 e5 6. Nxc6 bxc6 7. Bg5 Be7 8. Qd2 0-0 9. Be2 Rb8 10. Rb1 d6 11. 0-0 h6 12. Be3 Qc7 13. f4 exf4 14. Bxf4 Ng4 15. Kh1 Ne5 16. b3 Be6 17. Nd1 Kh7 18. Nf2 Rbd8 19. Nd3 Ng6 20. Bg3 Qd7 21. Rbd1 d5 22. exd5 Bxd5 23. Qa5 Qe6 24. Rde1 1/2-1/2

[Event "Zilina Region-ch"]
[Site "Zilina"]
[Date "2010.??.??"]
[Round "6"]
[White "Janik, Miroslav"]
[Black "Sustek, Vladimir"]
[Result "1-0"]
[WhiteElo "2015"]
[BlackElo "2015"]
[PlyCount "111"]
[EventDate "2010.??.??"]
[EventType "swiss"]
[EventRounds "7"]
[EventCountry "SVK"]
[SourceTitle "EXT 2012"]
[Source "ChessBase"]
[SourceDate "2011.11.24"]
[SourceVersion "1"]
[SourceVersionDate "2011.11.24"]
[SourceQuality "1"]

1. e4 e5 2. Nf3 Nc6 3. Bb5 a6 4. Ba4 Nf6 5. 0-0 Be7 6. Re1 b5 7. Bb3 0-0 8. d4 Nxd4 9. Nxd4 exd4 10. e5 Ne8 11. Qxd4 Bb7 12. c4 c5 13. Qg4 bxc4 14. Bxc4 d5 15. exd6 Bxd6 16. Nc3 Nf6 17. Qh4 Qc7 18. Bg5 Be5 19. Bd3 h5 20. Bxf6 Bxf6 21. Qxh5 g6 22. Qh3 Kg7 23. Qg3 Qxg3 24. hxg3 Rh8 25. Ne4 Bd4 26. Nd6 Bd5 27. Be4 Bxe4 28. Rxe4 Rad8 29. Nc4 Rh5 30. Rh4 Rhd5 31. Re1 g5 32. Rhe4 Kf6 33. b3 Rf5 34. Ne3 Bxe3 35. R4xe3 Rd2 36. R1e2 Rfd5 37. f3 Kf5 38. Kf2 a5 39. Rxd2 Rxd2+ 40. Re2 Rxe2+ 41. Kxe2 Ke5 42. Kd3 Kd5 43. g4 Kc6 44. Kc4 f6 45. a4 Kd6 46. Kb5 Kd5 47. Kxa5 c4 48. bxc4+ Kc5 49. g3 Kxc4 50. Kb6 Kd3 51. a5 Ke3 52. a6 Kxf3 53. a7 Kxg3 54. a8Q Kxg4 55. Qg2+ Kf4 56. Kc5 1-0

[Event "SVK-chT2C 0809"]
[Site "Slovakia"]
[Date "2008.11.08"]
[Round "3.4"]
[White "Janik, Miroslav"]
[Black "Giertli, Vladimir"]
[Result "1/2-1/2"]
[WhiteElo "2048"]
[BlackElo "2046"]
[PlyCount "134"]
[EventDate "2008.10.11"]
[EventType "team-tourn"]
[EventRounds "11"]
[EventCountry "SVK"]
[SourceTitle "EXT 2010"]
[Source "ChessBase"]
[SourceDate "2010.11.25"]
[SourceVersion "1"]
[SourceVersionDate "2010.11.25"]
[SourceQuality "1"]
[WhiteTeam "Zilina Central"]
[BlackTeam "Banska Bystrica CVC"]
[WhiteTeamCountry "SVK"]
[BlackTeamCountry "SVK"]

1. e4 d6 2. d4 Nf6 3. Nc3 g6 4. f4 Bg7 5. Nf3 c5 6. d5 0-0 7. Bc4 b5 8. Nxb5 Nxe4 9. 0-0 a6 10. Na3 Nd7 11. Bd3 Nef6 12. c4 Rb8 13. Qc2 Re8 14. Ng5 Nf8 15. f5 h6 16. Nf3 g5 17. h3 Nh5 18. Nb1 Nf4 19. Be4 e6 20. fxe6 fxe6 21. Nc3 Rb4 22. Bxf4 gxf4 23. b3 Kh8 24. dxe6 Nxe6 25. Bg6 Rf8 26. Rae1 Rb7 27. Nd5 a5 28. Re2 Nd4 29. Nxd4 Bxd4+ 30. Kh1 Rg7 31. Rxf4 Rxf4 32. Nxf4 Be5 33. Nh5 Re7 34. Qd2 Bg7 35. Nxg7 Kxg7 36. Bc2 Rxe2 37. Qxe2 Qf6 38. Qe4 Kf8 39. Kh2 Qf7 40. Qh4 Qe6 41. Qf4+ Kg7 42. Be4 Bd7 43. Bd5 Qf6 44. Qg3+ Qg6 45. Be4 Qxg3+ 46. Kxg3 Kf6 47. Kf4 Be6 48. g4 a4 49. Bd5 axb3 50. axb3 Bd7 51. h4 Bc8 52. Be4 Bd7 53. g5+ hxg5+ 54. hxg5+ Kg7 55. Bf5 Bc6 56. Be6 Bg2 57. Bd5 Bh3 58. Be4 Bd7 59. Kg3 Bc8 60. Kh4 Be6 61. Kh5 Bh3 62. g6 Be6 63. Kg5 Bh3 64. Bf5 Bg2 65. Be6 Be4 66. Bf5 Bf3 67. Bc2 Bc6 1/2-1/2

[Event "SVK-chT1E 0708"]
[Site "Slovakia"]
[Date "2008.01.13"]
[Round "7.6"]
[White "Jurcik, Marian"]
[Black "Janik, Miroslav"]
[Result "1-0"]
[WhiteElo "2372"]
[BlackElo "2100"]
[PlyCount "41"]
[EventDate "2007.10.13"]
[EventType "team-swiss"]
[EventRounds "11"]
[EventCountry "SVK"]
[SourceTitle "EXT 2009"]
[Source "ChessBase"]
[SourceDate "2008.11.26"]
[SourceVersion "1"]
[SourceVersionDate "2008.11.26"]
[SourceQuality "1"]
[WhiteTeam "Dunajov Inbest"]
[BlackTeam "Martin MSK"]
[WhiteTeamCountry "SVK"]
[BlackTeamCountry "SVK"]

1. d4 Nf6 2. c4 e6 3. Nf3 b6 4. g3 Bb7 5. Bg2 Bb4+ 6. Bd2 Bxd2+ 7. Nbxd2 0-0 8. 0-0 c5 9. d5 exd5 10. Nh4 Qc7 11. cxd5 Bxd5 12. e4 Bb7 13. e5 Bxg2 14. exf6 Bh3 15. Qh5 gxf6 16. Rfe1 Nc6 17. Ne4 Kg7 18. Nxf6 h6 19. Nf5+ Bxf5 20. Qxf5 Qd6 21. Qh7+ 1-0

[Event "SVK-chT2C 0607"]
[Site "Slovakia"]
[Date "2006.10.15"]
[Round "2.2"]
[White "Janik, Miroslav"]
[Black "Prokaj, Mikulas"]
[Result "1-0"]
[WhiteElo "2052"]
[BlackElo "1935"]
[PlyCount "131"]
[EventDate "2006.10.14"]
[EventType "team-tourn"]
[EventRounds "11"]
[EventCountry "SVK"]
[SourceTitle "EXT 2008"]
[Source "ChessBase"]
[SourceDate "2007.11.25"]
[SourceVersion "1"]
[SourceVersionDate "2007.11.25"]
[SourceQuality "1"]
[WhiteTeam "Martin MSK"]
[BlackTeam "Banska Bystrica Kurta"]
[WhiteTeamCountry "SVK"]
[BlackTeamCountry "SVK"]

1. e4 g6 2. d4 Bg7 3. f4 d6 4. Nc3 Nf6 5. Nf3 Nc6 6. Be2 0-0 7. 0-0 e6 8. Kh1 a6 9. Be3 b5 10. a3 Bb7 11. Nd2 Re8 12. e5 Nd5 13. Nxd5 exd5 14. Nb3 Ne7 15. Na5 Bc8 16. Qd2 Nf5 17. Bf2 dxe5 18. dxe5 Be6 19. Nb7 Qe7 20. Nc5 Red8 21. Rfd1 d4 22. Nxe6 Qxe6 23. Bf3 Rab8 24. b4 h5 25. Re1 Rd7 26. a4 bxa4 27. Rxa4 Bf8 28. Be2 Rb6 29. Rea1 Qc6 30. Rxa6 Rxa6 31. Rxa6 Qc3 32. Qd3 Qxd3 33. Bxd3 Bxb4 34. e6 fxe6 35. Rxe6 Kg7 36. h3 Rd8 37. g4 hxg4 38. hxg4 Rh8+ 39. Kg1 Ne3 40. Rxg6+ Kf7 41. Bg3 Rh3 42. Kf2 Bd6 43. Rg5 c5 44. Rg6 c4 45. Rxd6 cxd3 46. cxd3 Nxg4+ 47. Kg2 Rh6 48. Rxd4 Ne3+ 49. Kf3 Nf5 50. Rd8 Ke7 51. Rg8 Kf7 52. Rg5 Nd4+ 53. Ke4 Ne6 54. Rf5+ Ke7 55. Bf2 Rh2 56. Be3 Ra2 57. d4 Ra4 58. Rb5 Kd6 59. f5 Nd8 60. Rd5+ Kc7 61. Bf4+ Kc8 62. f6 Ra6 63. Be5 Nf7 64. Kf5 Nh6+ 65. Kg6 Ng4 66. Rd6 1-0